Responsabilidad civil y objetiva 2003 /
Obra en que se abordan la responsabilidad civil en juicio ordinario civil proveniente de comisión de delito u hecho ilícito, después de fallado el proceso penal, así como el daño moral o riesgo claro y el incidente de reparación del daño. Contiene: Marco normativo de la materia (actualizado hasta ma...
Gardado en:
| Outros autores: | , , |
|---|---|
| Formato: | Electrónico |
| Idioma: | Lingua castelá |
| Publicado: |
México :
Raúl Juárez Carro : Centro de Investigación de Contenidos y Aplicaciones de Software Jurídico,
2003, c2003
|
| Temas: | |
| Etiquetas: |
Sen Etiquetas, Sexa o primeiro en etiquetar este rexistro!
|
MARC
| LEADER | 00000nmm^a2200000^a^4500 | ||
|---|---|---|---|
| 001 | 000154617 | ||
| 005 | 20250521000000.0 | ||
| 009 | 20260310100401.368 | ||
| 037 | |a Acervo ITESO - Biblioteca | ||
| 041 | |a ESP | ||
| 082 | |a 346. 7203 |b JUA 2003 | ||
| 100 | |a Juárez Cacho, Angel J. |e (dir.) | ||
| 245 | 1 | 0 | |a Responsabilidad civil y objetiva 2003 / |c Dir. de A.J. Juárez Cacho, M.A. Brindis Bello ; autor del software S. Muñoz Flores. |
| 264 | 4 | |a México : |b Raúl Juárez Carro : |b Centro de Investigación de Contenidos y Aplicaciones de Software Jurídico, |c 2003, c2003 | |
| 300 | |a 1 disco compacto de computadora | ||
| 336 | |a datos para computadora |b cod |2 rdacontenido | ||
| 337 | |a computadora |b c |2 rdamedio | ||
| 338 | |a disco de computadora |b cd |2 rdasoporte | ||
| 520 | |a Obra en que se abordan la responsabilidad civil en juicio ordinario civil proveniente de comisión de delito u hecho ilícito, después de fallado el proceso penal, así como el daño moral o riesgo claro y el incidente de reparación del daño. Contiene: Marco normativo de la materia (actualizado hasta marzo de 2003); Jurisprudencia y tesis aisladas correlacionadas de la materia (actualizadas hasta enero de 2003); Esquemas procesales de cada una de las etapas del procedimiento de responsabilidad civil objetiva; Formularios actualizados y clasificados para cada una de las etapas del proceso; Abstract doctrinal de conceptos jurídicos más utilizados en la materia. | ||
| 649 | |a XX | ||
| 650 | |a Responsabilidad (Derecho) - |z México | ||
| 650 | |a Negligencia - |z México | ||
| 650 | |a Daños y Perjuicios - |z México | ||
| 650 | |a Compensación (Derecho) - |z México | ||
| 650 | |a Justicia - |x Administración - |z México | ||
| 650 | |a Juicios - |z México | ||
| 650 | |a Procedimientos Civiles - |z México | ||
| 650 | |a Derecho Procesal Civil - |z México | ||
| 650 | |a Derecho Procesal - |z México | ||
| 650 | |a Derecho Civil - |z México | ||
| 650 | |a Derecho Privado - |z México | ||
| 700 | |a Brindis Bello, Miguel A. |e (dirección) | ||
| 700 | |a Muñoz Flores, Salvador |e (programación) | ||
| 910 | |a Fondo General | ||
| 920 | |a Electrónicos - Recursos en Disco | ||
| 905 | |a 207 | ||
| 901 | |a 050008647 |b IT2 |c SWB |u 20250521 | ||
| 902 | |a https://opac.biblio.iteso.mx/vufind/Record/000154617 | ||